000 00475nam a2200181 a 4500
001 2529
003 CDMR
005 20131106131534.0
008 130130s1969||||||||||||||||||||||||||||d
040 _aCDMR
_bcat
_cCDMR
100 1 _aRossi-Landi, Guy
_91896
245 1 4 _aLes jounalistes politiques
_cGuy Rossi-Landi
260 _aParis
_c1969
_bFlammarion
300 _a236 p.
490 0 _aLe Procès des Juges
650 0 4 _94130
_aPremsa i política
_zFrança
942 _cMON
_2udc
999 _c2529
_d2529